[Event "Hong Kong op"]
[Site "Hong Kong"]
[Date "2023.12.27"]
[Round "6"]
[White "Wang, Yushin Andrea"]
[Black "Ho, In Hei Henry"]
[Result "0-1"]
[WhiteElo "1299"]
[BlackElo "1676"]
[PlyCount "188"]
[EventDate "2023.12.24"]
[EventType "swiss"]
[EventRounds "9"]
[EventCountry "HKG"]
[SourceTitle "CB01_2024"]
[SourceDate "2024.01.03"]
[SourceVersion "1"]
[SourceVersionDate "2024.01.03"]
[SourceQuality "1"]

1. e4 e6 2. Nf3 d5 3. Nc3 Nf6 4. e5 Nfd7 5. d4 c5 6. dxc5 Bxc5 7. Bd3 Nc6 8. Bf4 h6 9. h3 Qb6 10. 0-0 a6 11. Rb1 Be7 12. Qd2 Nc5 13. a3 Nxd3 14. Qxd3 Bd7 15. Ne2 Rc8 16. Rfd1 Na5 17. Be3 Qc7 18. Ned4 Nc4 19. Bf4 Qd8 20. Nd2 Bb5 21. Nxb5 axb5 22. Qb3 Qb6 23. Nxc4 Rxc4 24. Be3 Qc6 25. Rbc1 0-0 26. Rd3 Rc8 27. Kf1 b4 28. axb4 Rxb4 29. Qa3 Qe8 30. b3 Rbc4 31. Qb2 R4c6 32. c4 dxc4 33. Rxc4 b5 34. Rxc6 Qxc6 35. Qd2 Qe4 36. Rd7 Bf8 37. Qd4 Qb1+ 38. Qd1 Qb2 39. Qf3 Qb1+ 40. Qd1 Qf5 41. Qf3 Qxf3 42. gxf3 Rb8 43. Ba7 Rc8 44. Rb7 Bc5 45. Rb8 Rxb8 46. Bxb8 Kf8 47. Ke2 Ke7 48. Kd3 Kd7 49. Kc3 Kc6 50. Bd6 Bxf2 51. Bf8 g6 52. Bxh6 Be1+ 53. Kd3 Kd5 54. Bg7 Bg3 55. Kc3 Be1+ 56. Kd3 Bf2 57. Kc3 Bc5 58. Bf6 Bf8 59. Bh8 Kc5 60. Bf6 Kb6 61. Bh8 Bc5 62. Bf6 Bf2 63. Bh8 Kc5 64. Bf6 Be1+ 65. Kd3 Kb4 66. Kc2 Bf2 67. Bh8 Kc5 68. Kd3 Kd5 69. Kc3 Be1+ 70. Kd3 b4 71. Bf6 Bc3 72. Bh8 Bb2 73. Bf6 Bc3 74. Bh8 Ba1 75. Bf6 Bd4 76. Bh8 Ba1 77. Bf6 Bd4 78. Bh8 Bxe5 79. Bxe5 Kxe5 80. Kc4 Kf4 81. Kxb4 Kxf3 82. Kc5 e5 83. b4 e4 84. b5 e3 85. b6 e2 86. b7 e1Q 87. b8Q Qe3+ 88. Kd5 Qe4+ 89. Kc5 Qf5+ 90. Kd4 Qf4+ 91. Qxf4+ Kxf4 92. Kd3 Kg3 93. Ke3 Kxh3 94. Kf4 Kh4 0-1

[Event "World ol U16"]
[Site "Eindhoven"]
[Date "2023.08.13"]
[Round "1.28"]
[White "Wang, Yushin Andrea"]
[Black "Pool, Linda Maria"]
[Result "1-0"]
[WhiteElo "1186"]
[BlackElo "1425"]
[PlyCount "57"]
[EventDate "2023.08.13"]
[EventType "team-swiss"]
[EventRounds "9"]
[EventCountry "NED"]
[SourceTitle "CBM 215 Extra"]
[Source "ChessBase"]
[SourceDate "2023.09.30"]
[SourceVersion "1"]
[SourceVersionDate "2023.09.30"]
[SourceQuality "1"]
[WhiteTeam "Chinese Taipei II"]
[BlackTeam "Estonia"]
[WhiteTeamCountry "TPE"]
[BlackTeamCountry "EST"]

1. e4 e6 2. Nf3 d5 3. Nc3 Nf6 4. e5 Nfd7 5. d4 c5 6. dxc5 Bxc5 7. Bd3 Nc6 8. Bf4 a6 9. 0-0 h6 10. Qe2 Nb4 11. a3 Nxd3 12. Qxd3 0-0 13. Rad1 b5 14. Be3 Bb7 15. Bxc5 Nxc5 16. Qd4 Rc8 17. Rfe1 Qc7 18. Re3 Rfd8 19. Qg4 Nd7 20. Rd4 Nf8 21. Nh4 Qe7 22. Rg3 g6 23. f4 Kh7 24. f5 exf5 25. Nxf5 Qxe5 26. Rf4 Ne6 27. Qh4 gxf5 28. Qxh6+ Kxh6 29. Rh4# 1-0